000
00234nam a2200097Ia 4500
001
761831
005
20250826165214.0
008
250824s9999 xx 000 0 und d
245
0
_a
KÜÇÜK ŞEHZADE
_c
CAHİT ZARİFOĞLU
260
_b
BEYAN
999
_c
761831
_d
761831